01066 2200421 4500001002100000005001500021035002500036008004100061020001800102082001700120100001500137245004500152250002000197260003500217300004300252500003200295650002400327700001000351850001200361980001500373985000600388986001200394040001200406084001700418041000800435990001900443990001600462990001600478990001600494990001600510990001900526990001600545990001600561990001900577990001600596990001600612990001600628YOGYA-0209000001873520180522075440 a0010-020900000018735 ind  a979-519-081-4042[23]a616.120 aSANTA JOTA aDiagnosis penyakit jantung /cSanta Jota aCetakan pertama aJakarta :bWidya Medika,c2002 axiv, 106 halaman :bilustrasi ;c21 cm aBibliografi: halaman 98-102 4aJantung--xPenyakit aRUSMI aYOPDYOG a14-02-2006 a1 aNDrtrev aYOPDYOG a616.12 San D0 aind a4583-BPAD/P.03 a397-PD/P.04 a398-PD/P.04 a399-PD/P.04 a398-PD/P.04 a4583-BPAD/P.03 a397-PD/P.04 a399-PD/P.04 a4583-BPAD/P.03 a397-PD/P.04 a398-PD/P.04 a399-PD/P.04